000 00641nam a2200181Ia 4500
003 IN-BaIIA
008 211028s9999 xx s 000 0 eng d
020 _a9781510610095 (Print)
020 _a9781510610101 (Online)
040 _cIIA Library
100 _aSchuoecker, Dieter, ed.
_941423
245 0 _aXXI International Symposium on High Power Laser Systems and Applications 2016
_h[eBook]
260 _aWashington, USA
_bSPIE
_c2017
300 _aOnline resource
490 _aProceedings of SPIE; V. 10254
856 _uhttps://www.spiedigitallibrary.org/conference-proceedings-of-spie/10254
_yClick Here to Access eBook
942 _cEB
999 _c33904
_d33904